[Event "ICU MVCC Ch (Challenger)"]
[Site "Twin Falls, ID"]
[Date "2009.03.07"]
[Round "2.1"]
[White "Vereshchagin, Aleksandr"]
[Black "Dugger, Gary"]
[Result "0-1"]
[WhiteElo "1449"]
[BlackElo "1273"]

1. e4 e5 2. Nf3 Nc6 3. Bb5 Nge7 4. c3 g6 5. d3 Bg7 6. Bc4 d5 7. exd5 Nxd5 8.
a3 O-O 9. Bg5 Qd6 10. Nbd2 Bf5 11. Qe2 a6 12. O-O Nb6 13. Ne4 Bxe4 14. Qxe4
Nxc4 15. dxc4 Rab8 16. Rfd1 Qe6 17. Rd5 f6 18. Be3 b6 19. b4 f5 20. Ng5 Qf6
21. Qh4 h6 22. Nf3 g5 23. Qh5 e4 24. Nd4 Rbd8 25. Rxf5 Qd6 26. Rd5 Qf6 27. Rf5
Qd6 28. Rxf8+ Rxf8 29. Rd1 Nxd4 30. cxd4 Qc6 31. Qe2 Qa4 32. Ra1 c5 33. Qa2
cxd4 34. Bc1 Qd1# 0-1

[Event "ICU MVCC Ch (Challenger)"]
[Site "Twin Falls, ID"]
[Date "2009.03.08"]
[Round "3.2"]
[White "Mills, Danny"]
[Black "Vereshchagin, Aleksandr"]
[Result "0-1"]
[WhiteElo "1090"]
[BlackElo "1449"]

1. e4 e5 2. Nf3 Nc6 3. d4 exd4 4. Nxd4 Qf6 5. Be3 Ne5 6. f3 c6 7. c3 Bd6 8.
Nf5 Bc7 9. Bc5 d6 10. Bxd6 Bb6 11. Bxe5 Qxe5 12. Nd6+ Ke7 13. Nc4 Qc5 14. Qe2
Be6 15. Nbd2 Nf6 16. O-O-O Rhd8 17. Nb3 Qg5+ 18. Kc2 Bc7 19. g4 Bxc4 20. Qxc4
Rxd1 21. Kxd1 Rd8+ 22. Bd3 Qe3 23. Kc2 Qxf3 24. Rd1 Nxg4 25. Qc5+ Ke8 26. Nd4
Ne3+ 27. Kb3 Qxd1+ 28. Kb4 Bd6 29. Qxd6 Rxd6 30. Bc4 Nc2+ 31. Nxc2 Qxc2 32. b3
Qxe4 33. h4 b5 34. h5 bxc4 35. bxc4 Rd8 36. h6 gxh6 37. a4 Rb8+ 38. Kc5 Qe7+
39. Kd4 Rd8# 0-1

[Event "ICU MVCC Ch (Challenger)"]
[Site "Twin Falls, ID"]
[Date "2009.03.08"]
[Round "4.2"]
[White "Vereshchagin, Aleksandr"]
[Black "Patterson, Kevin R"]
[Result "0-1"]
[WhiteElo "1449"]
[BlackElo "1014"]

1. e4 c6 2. b3 d5 3. exd5 cxd5 4. Bb2 Nf6 5. Ba3 a6 6. Bd3 Nbd7 7. Qf3 e6 8.
Bb2 b5 9. Qg3 Nc5 10. Be2 Bb7 11. f3 g6 12. Nh3 Bg7 13. O-O O-O 14. d3 Nfe4
15. Qe1 Bxb2 16. Na3 Bxa1 17. Qxa1 Nf6 18. Qd4 Ncd7 19. Qf4 Re8 20. Qh6 Nf8
21. d4 Qa5 22. Nb1 Qxa2 23. Bd3 Qa5 24. Qf4 Qd8 25. g4 h5 26. gxh5 Nxh5 27.
Qh6 Qf6 28. Qe3 Bc8 29. f4 Bd7 30. Nd2 Rac8 31. Rf2 Rc3 32. Rg2 Rxd3 33. cxd3
Ng7 34. Nf2 Nf5 35. Qh3 Qxd4 36. Rg4 Qe3 37. Qxe3 Nxe3 38. Rg3 Nf5 39. Rf3 a5
40. Ng4 a4 41. Nf6+ Kg7 42. Nxe8+ Bxe8 43. bxa4 bxa4 44. Rf1 Nd7 45. Kf2 Nc5
46. Ke2 Bb5 47. Rf3 a3 {#R} 0-1

[Event "SIO"]
[Site "Twin Falls, ID"]
[Date "2009.11.15"]
[Round "3.12"]
[White "Uriarte, Andrew"]
[Black "Vereshchagin, Aleksandr"]
[Result "1-0"]
[WhiteElo "1202"]
[BlackElo "1323"]

1. e4 e5 2. Nf3 Nc6 3. a3 Bc5 4. Nc3 d6 5. Bc4 a6 6. a4 Qf6 7. Nd5 Qd8 8. d3
Bg4 9. h3 Bh5 10. g4 Bg6 11. Bd2 Qd7 12. Qb1 a5 13. c3 h5 14. g5 Nge7 15. b4
axb4 16. Nxb4 b6 17. Nxc6 Qxc6 18. Bb5 O-O 19. Bxc6 Nxc6 20. Nh4 Bh7 21. Qd1
g6 22. Ng2 f6 23. gxf6 Rxf6 24. Be3 Bxe3 25. Nxe3 Kg7 26. Nd5 Rf7 27. Qb3 Na5
28. Qa2 Bg8 29. Qd2 Nb3 30. Qb2 Nxa1 31. Qxa1 b5 32. a5 c6 33. Nb6 Rb7 34.
Nxa8 {#r} 1-0

[Event "SIO"]
[Site "Twin Falls, ID"]
[Date "2009.11.15"]
[Round "4.14"]
[White "Vereshchagin, Aleksandr"]
[Black "Ellis, Chris Joseph Daryl"]
[Result "1-0"]
[WhiteElo "1323"]
[BlackElo "742"]

1. e4 e5 2. Nf3 Nc6 3. Bc4 Nf6 4. d3 h6 5. Nc3 d6 6. Be3 a6 7. a3 b5 8. Ba2
Bb7 9. Nd5 Ne7 10. Nxf6+ gxf6 11. c3 d5 12. Qb3 Bc6 13. Bc5 a5 14. O-O-O a4
15. Qc2 f5 16. Nxe5 Bb7 17. f3 Bg7 18. f4 c6 19. Qf2 Bxe5 20. fxe5 Ra5 21.
exf5 Bc8 22. Bb6 Qd7 23. Bxa5 Nxf5 24. Bb4 d4 25. Rhf1 Rh7 26. Rde1 Ne3 27.
Rxe3 dxe3 28. Qxe3 Qg4 29. Qf3 Qxf3 30. Rxf3 Be6 31. Bxe6 fxe6 32. Rf6 Kd7 33.
Rf8 Rg7 34. g3 h5 35. Rf3 Kc7 36. Bc5 Kd7 37. Be3 Ke8 38. Rf6 Ke7 39. Rh6 c5
40. Bxc5+ Kd7 41. Be3 Kc6 42. d4 b4 43. axb4 a3 44. bxa3 Ra7 45. Kb2 Rxa3 46.
Kxa3 h4 47. Rxe6+ Kb5 48. Kb3 {#r} 1-0

[Event "SIO (Open)"]
[Site "Twin Falls, ID"]
[Date "2010.11.13"]
[Round "1.4"]
[White "Vereshchagin, Aleksandr"]
[Black "Tatom, Gene L"]
[Result "0-1"]
[WhiteElo "1296"]
[BlackElo "1600"]

1. e4 c5 2. Nf3 g6 3. Bc4 Bg7 4. c3 e6 5. d3 Ne7 6. Be3 d6 7. Nbd2 Nbc6 8. a3
a6 9. Ng5 O-O 10. h4 Ne5 11. Ndf3 Nxc4 12. dxc4 h6 13. Nh3 b6 14. Qd2 d5 15.
Rd1 Bb7 16. cxd5 exd5 17. Bxh6 dxe4 18. Bxg7 Qxd2+ 19. Nxd2 Kxg7 20. Nf4 b5
21. O-O c4 22. Rfe1 Rad8 23. g3 Nf5 24. Kf1 e3 25. Nb1 Rfe8 26. Ne2 Bf3 27.
Rxd8 Rxd8 28. fxe3 Bxe2+ 29. Kxe2 Nxg3+ 30. Kf3 Nh5 31. Re2 Rd6 32. Nd2 Nf6
33. Ne4 Nxe4 34. Kxe4 f6 35. Rg2 Kh6 36. Rf2 Kh5 37. Rh2 Rd3 38. Rg2 Rd6 39.
Rh2 Kh6 40. Rg2 Rd3 41. Rf2 f5+ {(Time Forfeit)} {#R} 0-1

[Event "ICU MVCC Ch (Open)"]
[Site "Twin Falls, ID"]
[Date "2011.03.26"]
[Round "2.1"]
[White "Vereshchagin, Aleksandr"]
[Black "Buckendorf Jr., Glen"]
[Result "0-1"]
[WhiteElo "1433"]
[BlackElo "1800"]

1. e4 e5 2. Nf3 Nc6 3. Nc3 Nf6 4. d4 exd4 5. Nxd4 Bc5 6. Be3 Nxd4 7. Bxd4 Bxd4
8. Qxd4 O-O $2 9. Bd3 Re8 10. O-O $2 b6 11. Rae1 Bb7 12. b4 d6 13. f4 c5 14.
bxc5 bxc5 15. Qf2 Ng4 16. Qg3 Nh6 17. f5 Re5 18. h4 Kh8 19. Qf4 Qf6 20. Re3
Rae8 21. Rff3 c4 22. Bxc4 Nxf5 23. Nd5 Bxd5 24. Bxd5 Nxe3 25. Qxf6 gxf6 26.
Rxe3 Rxd5 27. Rf3 Rd1+ 28. Kh2 Rxe4 29. Rxf6 Rxh4+ 30. Kg3 Kg7 31. Rf3 Rh6 32.
Ra3 Re6 33. Kh2 Rg6 {#R} 0-1

[Event "ICU MVCC Ch (Open)"]
[Site "Twin Falls, ID"]
[Date "2011.03.27"]
[Round "4.3"]
[White "Dugger, Gary"]
[Black "Vereshchagin, Aleksandr"]
[Result "0-1"]
[WhiteElo "1280"]
[BlackElo "1433"]

1. e4 e5 2. Nf3 Nc6 3. Bc4 h6 4. c3 Nf6 5. d3 a6 6. a4 Bc5 7. O-O d6 8. Be3
Bxe3 9. fxe3 Qe7 10. Nbd2 Ng4 11. Qe2 Be6 12. a5 O-O 13. Bd5 Nd8 14. d4 Nf6
15. Ba2 Bxa2 16. Rxa2 Ne6 17. dxe5 dxe5 18. Nxe5 Qc5 19. Ndc4 Nxe4 20. Nd7 Qg5
21. Nxf8 Rxf8 22. Qf3 Qg6 23. Rd1 N4g5 24. Qg3 Qc2 25. Raa1 Ne4 26. Qe1 N6g5
27. Rac1 Qa4 28. Rd4 Qc6 29. h4 Ne6 30. Ne5 Qc5 31. b4 Qxe5 32. Rd7 f5 33. c4
f4 34. Rd5 Qf6 35. Qf1 Qxh4 36. Qd1 Qf2+ 37. Kh2 Qg3+ 38. Kg1 Qxe3+ 39. Kh2
Qg3+ 40. Kg1 Qe3+ 41. Kh2 f3 42. Rd3 Qf4+ 43. Kg1 fxg2 44. Qc2 Qf1+ 45. Rxf1
gxf1=Q+ 46. Kh2 Rf2+ 47. Qxf2 Qxf2+ 48. Kh3 Qf1+ 49. Kg4 Qxd3 50. Kf5 N4g5+
51. Ke5 Qd4+ 52. Kf5 Qe4# 0-1

[Event "ICU Twin Falls City Ch"]
[Site "Twin Falls, ID"]
[Date "2011.06.25"]
[Round "1.2"]
[White "Imamovic, Nedzad"]
[Black "Vereshchagin, Aleksandr"]
[Result "1-0"]
[WhiteElo "1800"]
[BlackElo "1445"]

1. e4 e5 2. Nf3 Nc6 3. Bc4 Bc5 4. c3 d6 5. b4 Bxf2+ 6. Kxf2 a6 7. Rf1 Nf6 8.
Ng5 O-O 9. Kg1 h6 10. Nxf7 Rxf7 11. Bxf7+ Kxf7 12. d3 Be6 13. Be3 Ne7 14. d4
Ng6 15. d5 Bd7 16. h3 Kg8 17. Nd2 c6 18. c4 b6 19. Qf3 a5 20. bxa5 Rxa5 21.
Bxh6 Nh4 22. Qg3 Nh5 23. Qg5 Qxg5 24. Bxg5 Ng6 25. Bd8 Ra6 26. Bc7 Ra3 27.
Bxd6 Nhf4 28. Bxa3 {#r} 1-0

[Event "ICU Twin Falls City Ch"]
[Site "Twin Falls, ID"]
[Date "2011.06.25"]
[Round "3.6"]
[White "Vereshchagin, Aleksandr"]
[Black "Patterson, Katie Rae"]
[Result "1-0"]
[WhiteElo "1445"]
[BlackElo "1019"]

1. e4 e5 2. Nf3 Nc6 3. Bc4 Nf6 4. Ng5 d5 5. Bb3 Be7 6. d3 O-O 7. Qe2 h6 8. Nf3
Bg4 9. h3 Bxf3 10. gxf3 dxe4 11. fxe4 Nd4 12. Qd1 b6 13. a3 c5 14. Rg1 Qd7 15.
Rg3 b5 16. Bxh6 Kh7 17. Be3 c4 18. dxc4 bxc4 19. Bxc4 Qb7 20. b3 Qxe4 21. Bd3
Qxd3 22. Qxd3+ Kh8 23. Bxd4 exd4 24. Qxd4 Rad8 25. Qh4+ Kg8 26. Qg5 g6 27. Nc3
Ne4 28. Qe3 Nxg3 29. Qxg3 Bf6 30. Qf3 Rfe8+ 31. Kf1 Bxc3 32. Qxc3 Rc8 33. Qd3
Red8 34. Qe2 Re8 35. Qf3 Rxc2 36. Re1 Rxe1+ 37. Kxe1 Rc1+ 38. Kd2 Rg1 39. Qa8+
Kg7 40. Qxa7 g5 41. Ke3 g4 42. Qd4+ Kg6 43. hxg4 f5 44. Qd6+ Kg5 45. Qf4+ Kg6
46. gxf5+ Kf6 47. a4 Rc1 48. Kf3 Rb1 49. b4 Rb3+ 50. Kg4 Ra3 51. a5 Rb3 52.
Qe4 Rxb4 53. Qxb4 Kf7 54. Qd6 Ke8 55. a6 Kf7 56. a7 Ke8 57. a8=Q+ Kf7 58. Qe6+
Kg7 59. Qb7+ Kf8 60. Qec8# 1-0

[Event "ICU Twin Falls City Ch"]
[Site "Twin Falls, ID"]
[Date "2011.06.25"]
[Round "4.4"]
[White "Vereshchagin, Aleksandr"]
[Black "Buckendorf Jr., Glen"]
[Result "1-0"]
[WhiteElo "1445"]
[BlackElo "1800"]

1. e4 c5 2. Nf3 Nc6 3. Bc4 e6 4. c3 Nf6 5. d3 Na5 6. Bb3 Nxb3 7. axb3 d5 8. e5
Nd7 9. Ra4 Be7 10. Rg4 h5 11. Rxg7 Bf8 12. Rg3 h4 13. Rg4 f5 14. exf6 Nxf6 15.
Bg5 Be7 16. Rxh4 Rxh4 17. Bxh4 Ng8 18. Bg3 Bd6 19. Nh4 Bxg3 20. hxg3 e5 21.
Qf3 Qg5 22. Nd2 Be6 23. Qe2 O-O-O 24. Nhf3 Qf6 25. c4 Rf8 26. cxd5 Bxd5 27.
Ne4 Bxe4 28. Qxe4 Qf5 29. Qxf5+ Rxf5 30. Rh4 Nf6 31. Ke2 Nd5 32. Re4 Kc7 33.
Rxe5 Rxe5+ 34. Nxe5 Kd6 35. f4 Ke6 36. Kf3 b5 37. Ke4 Nf6+ 38. Kf3 a5 39. Nc6
a4 40. b4 cxb4 41. Nxb4 Kf5 42. Nc2 Nd5 43. Nd4+ Kf6 44. Nxb5 Nb4 45. Ke3 Kf5
46. Nc3 Nc2+ 47. Ke2 Nd4+ 48. Kf2 Kg4 49. Nxa4 {#r} 1-0

[Event "SIO (Reserve)"]
[Site "Twin Falls, ID"]
[Date "2011.11.12"]
[Round "3.3"]
[White "Vereshchagin, Aleksandr"]
[Black "Patterson, Katie Rae"]
[Result "1-0"]
[WhiteElo "1281"]
[BlackElo "911"]

1. e4 e5 2. Nf3 Nc6 3. Bb5 Nf6 4. Nc3 Bb4 5. a3 Bxc3 6. dxc3 O-O 7. Qe2 a6 8.
Bc4 d6 9. h3 Re8 10. Bg5 Be6 11. O-O h6 12. Bh4 Bxc4 13. Qxc4 Na5 14. Qd3 b6
15. Rfe1 c5 16. b4 Nc6 17. Red1 d5 18. exd5 e4 19. Qc4 exf3 20. dxc6 Qc7 21.
Bxf6 gxf6 22. Rd7 Qxc6 23. Qxf7+ Kh8 {#r} 1-0

[Event "ICU MVCC Ch (Champ)"]
[Site "Twin Falls, ID"]
[Date "2012.03.24"]
[Round "1.4"]
[White "Vereshchagin, Aleksandr"]
[Black "Furlow, Blake"]
[Result "0-1"]
[WhiteElo "1457"]
[BlackElo "1684"]

1. e4 c5 2. Nf3 Nc6 3. Bc4 g6 4. Nc3 Bg7 5. d3 d6 6. O-O Nf6 7. Bd2 O-O 8. Re1
Bg4 9. h3 Bh5 10. g4 Nxg4 11. hxg4 Bxg4 12. Re3 Ne5 13. Kg2 Bh6 14. Kg3 Qc8
15. Nd5 Re8 16. Qh1 Bxe3 17. Bxe3 Bxf3 18. Qh4 h5 19. Nxe7+ Rxe7 20. Rg1 Qg4+
21. Qxg4 Bxg4 22. Bd5 h4+ 23. Kg2 h3+ 24. Kg3 Kg7 25. f4 h2 26. Rh1 Bf3 27.
Rxh2 Ng4 {(Time Forfeit)} {#R} 0-1

[Event "ICU MVCC Ch (Champ)"]
[Site "Twin Falls, ID"]
[Date "2012.03.24"]
[Round "3.6"]
[White "Vereshchagin, Aleksandr"]
[Black "Bruck, Nick Jon"]
[Result "0-1"]
[WhiteElo "1457"]
[BlackElo "1454"]

1. e4 d5 2. exd5 Nf6 3. Bc4 Nxd5 4. Qf3 c6 5. Nc3 e6 6. d3 Bb4 7. Nge2 O-O 8.
O-O Bxc3 9. Nxc3 Nd7 10. Re1 Qf6 11. Bxd5 exd5 12. Qxf6 Nxf6 13. Bg5 Bf5 14.
Bxf6 gxf6 15. Re7 Rab8 16. Rae1 Be6 17. a3 Rfe8 18. Rc7 Kf8 19. Kf1 Re7 20.
Rxe7 Kxe7 21. Ne2 Kd6 22. Nf4 a5 23. Re3 b5 24. d4 Rb6 25. c3 c5 26. dxc5+
Kxc5 27. Re2 d4 28. cxd4+ Kxd4 29. Rd2+ Kc4 30. Ke1 Kb3 31. Kd1 b4 {(Due to
time trouble, no more moves were recorded.)} {#R} 0-1

[Event "MVCC Ch (Championship)"]
[Site "Twin Falls, Idaho"]
[Date "2013.03.23"]
[Round "2.5"]
[White "Vereshchagin, Aleksandr"]
[Black "Baggett, Jeff M"]
[Result "0-1"]
[WhiteElo "1426"]
[BlackElo "1636"]

1. e4 c5 2. Nf3 e6 3. d4 cxd4 4. Nxd4 a6 5. Nc3 d6 6. Bd3 Nf6 7. Qf3 Qc7 8.
O-O Nbd7 9. Re1 g6 10. Nde2 Bg7 11. Bd2 O-O 12. h3 Ne5 13. Qg3 b5 14. a3 Bb7
15. f4 Nc4 16. Bc1 Rad8 17. b3 Qb6+ 18. Qf2 Qxf2+ 19. Kxf2 Nb6 20. Be3 Nfd7
21. Ra2 Nc5 22. Rd1 Nxd3+ 23. Rxd3 Nc8 24. b4 f5 25. Kf3 fxe4+ 26. Nxe4 g5 27.
g3 e5 28. N2c3 gxf4 29. gxf4 d5 30. Nxd5 Rxd5 {#R} 0-1

[Event "MVCC (Championship)"]
[Site "Twin Falls, ID"]
[Date "2014.03.22"]
[Round "2.4"]
[White "Vereshchagin, Aleksandr"]
[Black "Knoll, Lucas"]
[Result "0-1"]
[WhiteElo "1426"]
[BlackElo "1250"]
[EventRounds "4"]
[EventCountry "USA"]

1. e4 e5 2. Nc3 Nf6 3. Nf3 Nc6 4. Bc4 Bc5 5. Ng5 O-O 6. d3 d6 7. a3 h6 8. Nf3
Be6 9. Bxe6 fxe6 10. h3 d5 11. Qe2 Nd4 12. Nxd4 Bxd4 13. Nd1 dxe4 14. dxe4 Bb6
15. O-O Qd4 16. Nc3 Ba5 17. Rd1 Qc5 18. Be3 Qc6 19. f3 Bxc3 20. bxc3 Qxc3 21.
Qd3 Qxd3 22. Rxd3 Rfd8 23. Rad1 Rxd3 24. Rxd3 Kf7 25. g4 g5 26. Kf2 Ke8 27.
Kg3 Rd8 28. h4 Rxd3 29. cxd3 Nh7 30. Bd2 Kd7 31. Bc3 Kd6 32. d4 exd4 33. Bxd4
e5 34. Bc3 b6 35. h5 c5 36. Kf2 Nf8 37. Ke2 Ne6 38. Kd3 b5 {#R} 0-1